000 00369nam a2200145 i 4500
001 150822
003 ES-MaACL
005 20230906203720.0
007 t|
008 071114q19501959sp ||||1| spa d
245 0 0 _aFiscalización de Hacienda y Comercio.
260 _a[S.l. :
_bs.n.,
_c195-?]
300 _a53 p. ;
_c28 cm.
852 _aES-MaACL
_j1976-F-18
_bR.41028
999 _c150822
_d150822